000 00257nam a22001097a 4500
008 170118b xxu||||| |||| 00| 0 eng d
020 _a0131709828
041 _aeng
080 _25TH
_a618.2
245 _aCOMMUNITY HEALTH NURSING
_cCLARK, M.J
942 _2udc
_cBK
999 _c3096
_d3096